Štúdium geometrických vlastností tenkostenných komponentov z hliníkovej zliatiny vyhotovených oblúkovým naváraním

Enregistré dans:
Détails bibliographiques
Auteur principal: Benko, Dalibor (Auteur)
Autres auteurs: Pavlík, Marián (Directeur de thèse)
Format: Manuscrit Livre
Langue:slovaque
Publié: 2025
Sujets:
Accès en ligne:http://is.stuba.sk/zp/portal_zp.pl?podrobnosti=176947
Tags: Ajouter un tag
Pas de tags, Soyez le premier à ajouter un tag!

MARC

LEADER 00000ntm a22000003a 4500
001 stuzp103468
003 SK-STU
005 20250628210633.1
007 ta
008 150427s2015----xo-----f-mn---000-0-slo-d
040 |a STU  |b slo 
041 0 |a slo 
100 1 |a Benko, Dalibor  |u 063000  |4 aut  |U MTF Materiálovotechnologická fakulta  |T MTF Ústav výrobných technológií  |X 121996  |U M3000  |Y 83  |7 121996 
242 0 1 |a Study of Geometric Properties of Thin-Walled Components from Aluminum Alloy Produced by Wire and Arc Additive Manufacturing  |y eng 
245 1 0 |a Štúdium geometrických vlastností tenkostenných komponentov z hliníkovej zliatiny vyhotovených oblúkovým naváraním 
260 |c 2025 
650 4 |a AA5087  |2 slo 
650 4 |a WAAM-MIG  |2 slo 
650 4 |a geometrické vlastnosti  |2 slo 
650 4 |a 3D Skenovanie  |2 slo 
650 4 |a makroštruktúrna analýza  |2 slo 
650 4 |a AA5087  |2 eng 
650 4 |a geometric properties  |2 eng 
650 4 |a WAAM-MIG  |2 eng 
650 4 |a 3D scanning  |2 eng 
650 4 |a macrostructure analys  |2 eng 
700 1 |a Pavlík, Marián  |u 063000  |k Z3  |4 ths  |U MTF Materiálovotechnologická fakulta  |T MTF Ústav výrobných technológií  |X 85464  |U M3000  |Y 83  |7 85464 
856 4 |u http://is.stuba.sk/zp/portal_zp.pl?podrobnosti=176947 
996 |c M* BP-9881  |l MMSKP  |s P  |a 0  |w stuzp103468_0001